000 00882cam a2200265 4500
001 ABS61631
008 000000n1999 000 0 eng u
035 _a(Sirsi) u102810
100 _aWorrall, J.
245 _aShedding the past
260 _c1999
490 _aThe Valuer
_v68(6) November/December 1999, 10-11(2)
520 _aAn overview of the problems caused by road transport, and of the initiatives, such as the Commission for Integrated Transport, attempting to encourage the use of alternative forms of transport.
590 _aABS
650 _aROAD TRANSPORT
650 _aINTEGRATED TRANSPORT POLICY
650 _aPLANNING POLICY GUIDANCE NOTE 13
650 _aTRAFFIC CONGESTION
650 _aTRAFFIC POLLUTION
650 _aRAIL FREIGHT
650 _aDISTRIBUTION
650 _aBIG SHEDS
690 _aTRANSPORT AND COMMUNICATIONS
942 _n0
999 _c61785
_d61785